| 000 | 00571nam a2200205Ia 4500 | ||
|---|---|---|---|
| 005 | 20250326144247.0 | ||
| 008 | 250326s9999 xx 000 0 und d | ||
| 020 | _a978-0-8493-9052-4 | ||
| 037 | _aTextbook | ||
| 040 |
_aFMSL _beng _cFMSL |
||
| 041 |
_aeng _2eng |
||
| 084 |
_aX:89A P8 _qFMSL |
||
| 100 |
_aAyers J B _9742730 |
||
| 245 | 0 |
_aRetail supply chain management _cAyers J B; Odegaard M A |
|
| 260 |
_aLondon _bLondon, Auerbach _c2008 |
||
| 300 | _a426p | ||
| 365 | _b3578.7195000000002 | ||
| 942 |
_cTB _hX:89A P8 |
||
| 999 |
_c1303030 _d1303030 |
||